Schnitzler y su tiempo: retrato cultural de la Viena del siglo XIX
Đã lưu trong:
| Tác giả chính: | |
|---|---|
| Định dạng: | Sách |
| Ngôn ngữ: | Tiếng Tây Ban Nha |
| Được phát hành: |
Barcelona
Paidós
2002
|
| Loạt: | Testimonios
|
| Những chủ đề: | |
| Các nhãn: |
Thêm thẻ
Không có thẻ, Là người đầu tiên thẻ bản ghi này!
|
MARC
| LEADER | 00000nam a2200000 a 4500 | ||
|---|---|---|---|
| 001 | UCL8142 | ||
| 003 | CL-VaPUC | ||
| 008 | 040611e20020000SP |||||||||||||||||spa|d | ||
| 020 | |a 8449312892 | ||
| 082 | 0 | 4 | |a 940.28 |b GAY |2 21 |
| 100 | |a Gay, Peter |e author |9 550991 | ||
| 245 | 1 | 0 | |a Schnitzler y su tiempo: retrato cultural de la Viena del siglo XIX |
| 300 | |a 326 p | ||
| 942 | |c BK | ||
| 945 | |d 20040611 00:00:00 |a cmena | ||
| 260 | |a Barcelona |b Paidós |c 2002 | ||
| 650 | 0 | |a Cultura |9 269059 | |
| 650 | 7 | |a HISTORIA EUROPEA SIGLO 19 |2 CL-VaPUC |9 435509 | |
| 651 | 0 | |a Europa |9 255156 | |
| 651 | 7 | |a VIENA |2 CL-VaPUC |9 376017 | |
| 583 | |a last modification |c 20040611 00:00:00 |k Rodrigo Vera | ||
| 490 | 0 | |a Testimonios | |
| 999 | |c 309593 |d 309591 | ||
| 952 | |0 0 |1 0 |4 0 |6 940_280000000000000_GAY_2002 |7 0 |8 A |9 377121 |a BIBHIS |b BIBHIS |d 2019-11-21 |i 4024087 |o 940.28 GAY 2002 |p 4024087 |r 2025-01-20 |w 2019-11-21 |y BK |k HIS | ||